Biosenzory pro stanovení chemických a biologických agens : studijní pomůcka /

Hlavní autor: Pohanka, Miroslav, 1979-
Korporativní autor: Univerzita obrany. Centrum pokročilých studií
Jazyk: Čeština
Vydáno: V Hradci Králové : Univerzita obrany, 2009
Vydání: Vyd. 1.
Edice: Učební texty Fakulty vojenského zdravotnictví Univerzity obrany v Hradci Králové ; sv. 360
Témata:
Externí odkaz: Digitalizovaný dokument
Fyzický popis: 56 s. : il. ; 30 cm
Knihy
Uloženo v:
LEADER 02016nam a2200505 a 4500
001 nkc20092026676
003 CZ PrNK
005 20100512124802.0
007 ta
008 100331s2009 xr a e p 000 0 cze
015 |a cnb002026676 
020 |a 978-80-7231-336-5  |q (brož.) 
035 |a (OCoLC)614275800 
040 |a ABA001  |b cze 
072 7 |a 577  |x Biochemie. Molekulární biologie. Biofyzika  |2 Konspekt  |9 2 
072 7 |a 37.016  |x Učební osnovy. Vyučovací předměty. Učebnice  |2 Konspekt  |9 22 
080 |a 577.3:681.586  |2 MRF 
080 |a 616-074/-079  |2 MRF 
080 |a 614.7  |2 MRF 
080 |a (075.8)  |2 MRF 
100 1 |a Pohanka, Miroslav,  |d 1979-  |7 hka2010563580  |4 aut 
245 1 0 |a Biosenzory pro stanovení chemických a biologických agens :  |b studijní pomůcka /  |c Miroslav Pohanka 
250 |a Vyd. 1. 
260 |a V Hradci Králové :  |b Univerzita obrany,  |c 2009 
300 |a 56 s. :  |b il. ;  |c 30 cm 
490 1 |a Učební texty Fakulty vojenského zdravotnictví Univerzity obrany v Hradci Králové ;  |v sv. 360 
500 |a Pod názvem: centrum pokročilých studií 
500 |a 90 výt. 
504 |a Obsahuje bibliografii 
650 0 7 |a biosenzory  |7 ph162459  |2 czenas 
650 0 7 |a laboratorní diagnostika  |7 ph115087  |2 czenas 
650 0 7 |a environmentální hygiena  |7 ph119957  |2 czenas 
650 0 9 |a biosensors  |2 eczenas 
650 0 9 |a laboratory diagnostics  |2 eczenas 
650 0 9 |a environmental health  |2 eczenas 
655 7 |a učebnice vysokých škol  |7 fd133772  |2 czenas 
655 9 |a textbooks (higher)  |2 eczenas 
710 2 |a Univerzita obrany.  |b Centrum pokročilých studií  |7 pna2010563773 
810 2 |a Univerzita obrany.  |t Učební texty  |0 s 
856 4 1 |u http://www.digitalniknihovna.cz/mzk/uuid/uuid:6ec529a0-cc81-11e4-8565-005056827e52  |y Digitalizovaný dokument  |x NDK 
910 2 |a BOA001  |b 4-1237.618 
990 |a BK 
995 |a 01 
991 |b 201004  |c NOV 
996 6 |b 2610425145  |c 4-1237.618  |l MZK  |r Sklad / do 1 hodiny  |n 4  |p p.v.  |w 001116514  |u 000010  |a 1  |e BOA001  |j MZK50  |s P